Que li wen da : 1 juan /

Saved in:
Bibliographic Details
Main Author: Shu, Fen.
Other Authors: Wang, Wenlu, ju ren 1531.
Format: Book
Language:Chinese
Published: Shanghai : Shang wu Han fen lou, Min guo 27 [1938]
Series:Bai ling xue shan ; 14.
Tags: Add Tag
No Tags, Be the first to tag this record!
LEADER 01179cam a2200313ui 4500
001 006830806-X
005 20024617110921.0
008 960521r19381568cc 000 0 chi d
035 0 |a ocm34764349 
040 |a MH-HY  |c MH-HY  |d CStRLIN 
100 1 |6 880-01  |a Shu, Fen. 
245 1 0 |6 880-02  |a Que li wen da :  |b 1 juan /  |c Shu Fen zhuan ; [Wang Wenlu ji] 
260 |6 880-03  |a Shanghai :  |b Shang wu Han fen lou,  |c Min guo 27 [1938] 
300 |a 1 v. 
490 1 |6 880-04  |a Bai ling xue shan ;  |v 14 
500 |6 880-05  |a Shang wu Han fen lou ying yin Ming Longqing wu chen [1568] ke ben. 
500 |a On double leaves, oriental style, in case. 
501 |a With other 4 titles. 
700 1 |6 880-06  |a Wang, Wenlu,  |d ju ren 1531. 
880 1 |6 100-01  |a 舒芬. 
880 1 0 |6 245-02  |a 闕里問答 :  |b 一卷 /  |c 舒芬撰 ; [王文祿輯] 
880 |6 260-03  |a 上海 :  |b 商務涵芬樓,  |c 民國27 [1938] 
880 1 |6 490-04  |a 百陵學山 ;  |v 14 
880 |6 500-05  |a 商務涵芬樓影印明隆慶戊辰[1568]刻本. 
880 1 |6 700-06  |a 王文祿,  |d ju ren 1531. 
830 0 |6 880-54  |a Bai ling xue shan ;  |v 14. 
880 0 |6 830-54  |a 百陵學山 ;  |v 14. 
988 |a 20021108 
906 |0 MH